000 00490nam a2200169 a 4500
005 20140412111242.0
008 010725s19uu xx 00 eng d
020 _a1-55799-607-5
050 _aTR(GS 808
_bE92 1997
100 _aEvans, Jo
245 _aCreative writing ideas /
_cJoy Evans, Jo Ellen Moore; editor Mar.
260 _aMonterey, CA :
_bEvan-Moor Corp,
_c1997.
300 _a96p. ; ill.
650 _aWriting activities
650 _aWriting reproducibles
999 _c102757
_d102757